000 00407cam a2200169ua 4500
001 16951
008 060101n1987 II |||gr||||Z||||||eng
040 _aMAIN
041 _aEnglish
082 _a330.09 DES
100 _aDESAI , S.S.M .
245 _aECONOMICS HISTORY OF INDIA
260 _aMUMBAI
_bHIMALAYA PUBLISHING HOUSE
_c1987
300 _a379:
_c22CM.
653 _aECONOMIC HISTORY
942 _cBK
999 _c16836
_d16836